00557nam a2200157 i 450000100060000000300090000600500170001500700030003200800410003510000260007624501590010226000420026130000300030370000350033385200310036861466ES-MaACL20251015063102.0t|031112s1976 sp ||||1| cat d1 aFabre, Jaume, d1948-10aTots els barris de Barcelona b: II. Els barris que foren independents, 2: Gracia, Vallcarca, Els Penitents i La Salut / cJaume Fabre i Josep M. Huertas. a[Barcelona] : bEdicions 62, c[1976] a248 p. : bil. ; c19 cm.1 aHuertas, Josep M., d1939-2007 aES-MaACLjA-5696 bR.94585